000 00433nam a2200157Ia 4500
008 240729s9999 xx 000 0 und d
022 _a1812-0792
245 0 _aOcean Science
260 _aGermany
260 _bCopernicus Publications
650 _a Environmental sciences
650 _aGeography. Anthropology. Recreation
856 _uhttps://doaj.org/toc/523134445b52416981626934c7921dc2
942 _2ddc
942 _cDOAJEJ
999 _c71807
_d71807
945 _a1
_bMadushi Gamage
_c1
_dMadushi Gamage